MARC

LEADER 00000nam2a2200000 4500
001 281853
005 20231101235437.0
035 |a (RuTPU)RU\TPU\book\305701 
035 |a RU\TPU\book\158894 
035 |a RU\TPU\book\158896 
090 |a 281853 
100 |a 20150126d1984 k y0rusy50 ca 
101 0 |a rus 
102 |a RU 
105 |a a z 001zy 
200 0 |a Т. 15, № 3 
210 |d 1984 
215 |a 151 с.  |c ил. 
320 |a Библиография в конце статей 
461 1 |0 (RuTPU)RU\TPU\book\218989  |t Ученые записки ЦАГИ  |f Центральный аэрогидродинамический институт  |v Т. 15, № 3  |d 1970-1991 
606 1 |a Аэродинамика  |2 stltpush  |3 (RuTPU)RU\TPU\subj\29869  |9 53103 
610 1 |a аэрогидродинамика 
610 1 |a самолеты 
610 1 |a неустановившиеся движения 
610 1 |a аэродинамические силы 
610 1 |a расчет 
610 1 |a летательные аппараты 
610 1 |a сверхзвуковой поток 
610 1 |a каверны 
610 1 |a пульсации 
610 1 |a газ 
610 1 |a унос 
610 1 |a аэродинамический эксперимент 
610 1 |a вакуумные водовоздушные эжекторы 
610 1 |a жидкость 
610 1 |a струи 
610 1 |a попарное соударение 
610 1 |a многокомпонентные газовые смеси 
610 1 |a неравновесные фотохимические процессы 
675 |a 533.6  |v 3 
801 1 |a RU  |b 63413507  |c 20081030  |g PSBO 
801 2 |a RU  |b 63413507  |c 20170209  |g PSBO 
942 |c BK